000 00910nam0a22002531 4500
001 rc\2962558
005 20260407175751.0
035 _a(NLR Aleph) 007109131
090 _a6749634
_c6749634
100 _a20110903d1934 u y0rusy50 ca
101 0 _arus
102 _aRU
105 _ay z |||||
200 1 _aПриказ Начальника Юго-Западных железных дорог
210 _aКиев
_cУпр. Юго-Зап. ж. д.
_d1934
215 _d23 см
300 _aВ библиотеке имеется это издание за годы 1934-
300 _aПеречень номеров смотри на регистрационной карточке
710 0 2 _aЮго-Западные железные дороги
_3RU\NLR\AUTH\8810113821
_9727088
801 0 _aRU
_bNLR
_gpsbo
801 1 _aRU
_bELAR
_2rusmarc
852 _aNLR
_jП47/143
942 _cBOOK
980 _aNB